005460000a2200157000450024501170000065000140011765000310013165000250016265000190018765100440020665300340025004100130028470000290029710000340032677300280036010aObtaining of rhizophora mangle seedlings by estimulation of advertitious roots, using the air layering technique14aManglares14aTecnica de acodado aéreo14aFisiología vegetal14aConservación 4lBahía de BarbacoasdBolivarpColombia gRhizophoraeRhizophora mangle0 aInglés1 aRivas Echeverri, Bernabe1 aGonzáles Calderón, Dedier1 tPreprint33q1-15d1993